000 00674nam a2200229 a 4500
001 66616
003 BD-RjUL
005 20211209081548.0
008 170318s1949 nyua 001 0 eng d
035 _a(BD-RjUL)66746
040 _aDLC
_cOYU
_dBD-RjUL
_beng
041 _aeng
082 _a510
_bDAF 1949
_223
100 1 _aDaus, Paul H.
_9197215
245 0 0 _aFirst year college mathematics with applications
_cPaul H. Daus ; William M. Whyburn
260 _aNew York :
_bThe Macmillan Co.,
_c1949.
300 _axiii, 495 p. :
_bill. ;
_c22 cm.
500 _aInclude Index.
650 0 _aMathematics.
_9197216
700 1 _aWhyburn, William M.
_9197217
942 _2ddc
_cBK
999 _c66616
_d66616